[Event "Quebec Open Invitational 2013"]
[Site "Montreal CAN"]
[Date "2013.07.23"]
[Round "4.26"]
[White "Caire,Francois"]
[Black "Berube,A"]
[Result "1/2-1/2"]
[WhiteElo "2178"]
[BlackElo "2174"]

1.d4 d5 2.c4 c6 3.Nf3 Nf6 4.Nc3 e6 5.e3 Nbd7 6.Bd3 dxc4 7.Bxc4 b5 8.Be2 Bb7
9.O-O a6 10.e4 c5 11.e5 Nd5 12.a4 Nxc3 13.bxc3 c4 14.Bg5 Be7 15.Bxe7 Qxe7
16.axb5 axb5 17.Rxa8+ Bxa8 18.Qa1 O-O 19.Qa6 Rb8 20.Rb1 Be4 21.Rxb5 Ra8 22.Qd6 Ra1+
23.Bf1 Bd3 24.Nd2 Qxd6 25.exd6 Kf8 26.g3 Rc1 27.Kg2 Rxc3 28.Rb7 Ke8 29.Rc7 f6
30.Nxc4 Bxf1+ 31.Kxf1 Rd3 32.Rc8+ Kf7 33.Rc7 Ke8 34.Rc8+ Kf7 35.Rc7  1/2-1/2

[Event "Quebec Open Invitational 2013"]
[Site "Montreal CAN"]
[Date "2013.07.23"]
[Round "4.24"]
[White "Tessier Desrosiers,O"]
[Black "Voskanyan,V"]
[Result "1/2-1/2"]
[WhiteElo "2106"]
[BlackElo "2241"]

1.d4 d5 2.c4 c6 3.Nf3 Nf6 4.Nc3 e6 5.e3 Nbd7 6.Bd3 Bd6 7.O-O O-O 8.b3 Re8
9.Bb2 b6 10.e4 dxe4 11.Nxe4 Nxe4 12.Bxe4 Bb7 13.Ne5 Nxe5 14.dxe5 Bf8 15.Qf3 Qc7
16.Rad1 Red8 17.Rd3 Rxd3 18.Qxd3 g6 19.Rd1 Be7 20.f4 Rd8 21.Qf3 Rxd1+ 22.Qxd1 b5
23.g3 Qb6+ 24.Bd4 c5 25.Bxb7 cxd4 26.Be4 bxc4 27.bxc4 Qa5 28.Qe2 Qc3 29.Bd3 h5
30.h4 Ba3 31.Kg2 Kg7 32.Qc2 Qa5 33.Kf1 Bb4 34.Kg2 Qb6 35.Kf3 Qa5 36.Kg2 Qc5
37.Qa4 Be1 38.Qc2 Ba5 39.Qa4  1/2-1/2

[Event "28th Avoine Open"]
[Site "Avoine FRA"]
[Date "2013.07.24"]
[Round "5.19"]
[White "Bailly,Thomas"]
[Black "Frick,C"]
[Result "1/2-1/2"]
[WhiteElo "1746"]
[BlackElo "2232"]

1.d4 d5 2.c4 c6 3.Nc3 Nf6 4.e3 e6 5.Nf3 Nbd7 6.cxd5 exd5 7.Bd3 Bd6 8.O-O O-O
9.Re1 Re8 10.Qc2 Nf8 11.h3 Be6 12.Bd2 Rc8 13.e4 dxe4 14.Nxe4 Nxe4 15.Bxe4 h6
16.Rad1 Bc7 17.Bc3 Bd5 18.Ne5 Qd6 19.a3 a5 20.Bxd5 Qxd5 21.Re3 Rcd8 22.Rde1 Ne6
23.Ng4 Re7 24.Qd2 Bf4 25.Bxa5 Ra8 26.Bb4 Ree8 27.Rxe6 Bxd2 28.Rxe8+ Rxe8
29.Rxe8+ Kh7 30.Bxd2 Qxd4  1/2-1/2

[Event "28th Avoine Open"]
[Site "Avoine FRA"]
[Date "2013.07.24"]
[Round "5.13"]
[White "Ollier,P"]
[Black "Imperor,L"]
[Result "1-0"]
[WhiteElo "2309"]
[BlackElo "1844"]

1.d4 d5 2.c4 c6 3.Nc3 Nf6 4.e3 e6 5.Nf3 Nbd7 6.Qc2 Bd6 7.g4 h6 8.Bd2 dxc4
9.Bxc4 b5 10.Be2 Bb7 11.e4 b4 12.Na4 Be7 13.g5 hxg5 14.Nxg5 Qc7 15.h3 Rc8
16.Rg1 Qh2 17.Nf3 Qxh3 18.Nc5 Nxc5 19.dxc5 Nd7 20.O-O-O Nxc5 21.Bxb4 Qh6+
22.Kb1 Nd7 23.Bc3 f6 24.Rg2 Qf4 25.Bd2 Qc7 26.Rxg7 c5 27.Bc4 Qc6 28.Re1 Nb6
29.Bf1 Qa4 30.b3 Qc6 31.e5 f5 32.Bg2 Nd5 33.Qc1 c4 34.Qxc4 Qxc4 35.bxc4 Rxc4
36.Rc1 Rxc1+ 37.Kxc1 Ba3+ 38.Kd1 Ne7 39.Nd4 Bxg2 40.Rxg2 Kd7 41.Rg7 Rg8 42.Rh7 Bc5
43.Nb3 Bxf2 44.Bb4 Re8 45.Na5 Bb6 46.Nc4 Bd8 47.Nd6 Rg8 48.Nb7 Re8 49.Ke2 Bb6
50.Nd6 Rf8 51.a4 f4 52.Kf3 Be3 53.Ne4 Kc6 54.Rxe7 Rb8 55.Bd6 Rb1 56.Rc7+ Kb6
57.Rc4 Rh1 58.Ng5 Rh6 59.Rc8 Rg6 60.Be7 Ka5 61.Rc4 Rh6 62.Bd8+ Ka6 63.Rc6+ Kb7
64.Rxe6 Rh1 65.Rf6 Rf1+ 66.Ke4 Re1 67.Nf3 Re2 68.Kf5 Rc2 69.e6 Rc5+ 70.Kg4  1-0

[Event "ch-AUT 2013"]
[Site "Feldkirch AUT"]
[Date "2013.07.24"]
[Round "5.8"]
[White "Schmidlechner,A"]
[Black "Rieger,R"]
[Result "1-0"]
[WhiteElo "2267"]
[BlackElo "2174"]

1.d4 d5 2.c4 c6 3.Nf3 Nf6 4.Nc3 e6 5.e3 Nbd7 6.Qc2 Bd6 7.Bd3 O-O 8.O-O dxc4
9.Bxc4 b5 10.Bd3 Bb7 11.a3 a5 12.e4 e5 13.dxe5 Nxe5 14.Nxe5 Bxe5 15.h3 Re8
16.Be3 Qe7 17.f3 Rad8 18.Rad1 Bxc3 19.Qxc3 Nd5 20.Qc1 Nxe3 21.Qxe3 Qe5 22.Rd2 Qd4
23.Qxd4 Rxd4 24.Rfd1 Red8 25.Kf2 c5 26.Ke3 Bc6 27.Be2 Rxd2 28.Rxd2 Rxd2 29.Kxd2 Kf8
30.a4 b4 31.Bb5 Bb7 32.Kd3 Ke7 33.Kc4 Kd6 34.e5+ Kxe5 35.Kxc5 g5 36.Kb6 Bd5
37.Kxa5 Kf4 38.Kxb4 Kg3 39.Kc5 Bb7 40.Kb6 Bd5 41.a5  1-0

[Event "ch-AUT 2013"]
[Site "Feldkirch AUT"]
[Date "2013.07.24"]
[Round "5.5"]
[White "Huber,Mart AUT"]
[Black "Wallner,J"]
[Result "0-1"]
[WhiteElo "2230"]
[BlackElo "2404"]

1.d4 Nf6 2.c4 c6 3.Nc3 d5 4.e3 e6 5.Nf3 Nbd7 6.Qc2 Be7 7.Bd3 a6 8.b3 b5 9.O-O Bb7
10.c5 Qc7 11.Bb2 e5 12.dxe5 Ng4 13.h3 Ngxe5 14.Nxe5 Nxe5 15.b4 a5 16.a3 Nxd3
17.Qxd3 O-O 18.Ne2 Bc8 19.Bd4 Be6 20.Nf4 Qd7 21.Qc3 f6 22.Rfd1 Bf5 23.f3 Bd8
24.Ne2 Bc7 25.Kf2 h5 26.g4 hxg4 27.hxg4 Bg6 28.Rg1 Qe7 29.f4 Be4 30.Ng3 Kf7
31.Nxe4 Qxe4 32.Qd2 Rh8 33.Kg3 g5 34.Raf1 axb4 35.axb4 gxf4+ 36.exf4 Ra3+  0-1

[Event "ch-AUT 2013"]
[Site "Feldkirch AUT"]
[Date "2013.07.24"]
[Round "5.21"]
[White "Haertl,S"]
[Black "Hupfer,R"]
[Result "0-1"]
[WhiteElo "2102"]
[BlackElo "1905"]

1.d4 d5 2.Nf3 Nf6 3.c4 e6 4.Nc3 c6 5.e3 Nbd7 6.Bd3 dxc4 7.Bxc4 Bd6 8.O-O O-O
9.b3 e5 10.Bb2 exd4 11.Nxd4 Ne5 12.Be2 Bc7 13.Nf3 Qe7 14.Qc2 Nfg4 15.g3 Qf6
16.Nxe5 Bxe5 17.Bxg4 Bxg4 18.f4 Bb8 19.Ne4 Qe7 20.Qc3 f6 21.Nf2 Be6 22.e4 Bc7
23.Rfe1 Bb6 24.Kg2 Rad8 25.Rad1 Rxd1 26.Rxd1 Rd8 27.Rd3 Rxd3 28.Qxd3 Qc5
29.Qe2 a5 30.f5 Bf7 31.Nd3 Qg1+ 32.Kh3 a4 33.e5 fxe5 34.Nxe5 Bd5 35.Nc4 Bc5
36.f6 gxf6 37.Bxf6 Qb1 38.Ne5 Qf5+ 39.Ng4 h5  0-1

[Event "31st Andorra Open"]
[Site "La Massana AND"]
[Date "2013.07.24"]
[Round "5.7"]
[White "Peralta,Fe"]
[Black "Trent,L"]
[Result "1-0"]
[WhiteElo "2622"]
[BlackElo "2420"]

1.d4 d5 2.c4 c6 3.Nf3 Nf6 4.Nc3 e6 5.e3 Nbd7 6.Qc2 Bd6 7.Bd3 O-O 8.O-O dxc4
9.Bxc4 b5 10.Be2 a6 11.Rd1 Qc7 12.Ne4 Nxe4 13.Qxe4 e5 14.Qh4 h6 15.Bd2 exd4
16.exd4 Qd8 17.Rac1 Bb7 18.Bg5 Qc7 19.Bxh6 gxh6 20.Qxh6 Rfe8 21.Ng5 Nf8 22.Bh5 Bxh2+
23.Kh1 Bf4 24.Rc3 Qe7 25.Rg3 Bxg3 26.Bxf7+ Qxf7 27.Nxf7 Re6 28.Qh5 Bc7 29.Nh6+ Kh8
30.Nf5+ Kg8 31.Qg4+ Ng6 32.Nh6+ Kg7 33.Qxe6 Kxh6 34.Qf7 Rc8 35.Rd3 c5 36.d5 Bd8
37.d6 Ba8 38.Rh3+ Bh4 39.Rxh4+  1-0

[Event "31st Andorra Open"]
[Site "La Massana AND"]
[Date "2013.07.24"]
[Round "5.8"]
[White "Arizmendi Martinez,J"]
[Black "Devereaux,M"]
[Result "1/2-1/2"]
[WhiteElo "2580"]
[BlackElo "2356"]

1.d4 d5 2.c4 c6 3.Nf3 Nf6 4.Nc3 e6 5.e3 Nbd7 6.Qc2 Bd6 7.Be2 O-O 8.O-O dxc4
9.Bxc4 a6 10.Rd1 b5 11.Be2 Qc7 12.e4 e5 13.Bg5 exd4 14.Rxd4 Ne5 15.g3 Nxf3+
16.Bxf3 Be5 17.Rd2 Be6 18.Rad1 Rfd8 19.Ne2 Rxd2 20.Rxd2 h6 21.Be3 Ng4 22.Bc5 Rd8
23.Bg2 Bc4 24.h3 Rxd2 25.Qxd2 Bxe2 26.Qxe2 Nf6 27.f4 Bd6 28.Bf2 Be7 29.e5 Nd5
30.Kh2 Qd7 31.Qd3 Qe6 32.a3 g5 33.Qe4 gxf4 34.gxf4 f5 35.Qf3 Qg6 36.h4 h5
37.Qb3 Qe6 38.Qf3 Qg6 39.Qb3 Qe6 40.Bf3 Kh7 41.Bg3 Kh6 42.Qd3 a5 43.Qe2 Qf7
44.a4 bxa4 45.Qc4 Qe6 46.Qxa4 Bb4 47.Qd1 Qf7 48.Qe2 Qe8 49.Qa6 Ne7 50.Qc4 Kg7
51.Qe2 Kh6 52.Qc4 Kg7 53.Bf2 Qg6 54.Qd4 Qe8 55.e6+ Kh7 56.Qd7 Qb8 57.Qd4 Nd5
58.Bxd5 cxd5 59.Bg3 Be7 60.Qxd5 Qxb2+ 61.Kh3 Kg6 62.Qd7 Kf6 63.Qc8 Qe2 64.Qc3+ Kxe6
65.Qxa5 Bd6 66.Qc3 Qg4+ 67.Kh2 Qe2+ 68.Kh3 Kd5 69.Qb3+ Kd4 70.Qa4+ Ke3 71.Qb3+ Qd3
72.Qb6+ Ke4 73.Qc6+ Qd5 74.Qc2+ Qd3 75.Qc6+ Qd5 76.Qc2+  1/2-1/2

[Event "Quebec Open Invitational 2013"]
[Site "Montreal CAN"]
[Date "2013.07.24"]
[Round "5.6"]
[White "Arencibia Rodriguez,W"]
[Black "Ostrovskiy,Al"]
[Result "1/2-1/2"]
[WhiteElo "2526"]
[BlackElo "2403"]

1.d4 d5 2.c4 c6 3.Nc3 Nf6 4.e3 e6 5.Nf3 Nbd7 6.Qc2 Bd6 7.b3 O-O 8.Be2 e5
9.cxd5 cxd5 10.Nb5 Bb4+ 11.Bd2 Bxd2+ 12.Nxd2 a6 13.dxe5 Nxe5 14.Nd4 Bg4 15.Bxg4 Nfxg4
16.O-O Rc8 17.Qf5 g6 18.Qf4 Qe7 19.Rad1 Rfe8 20.N2f3 Nxf3+ 21.gxf3 Nf6 22.Rd2 Rc5
23.Rfd1 Rec8 24.Qg5 Rc1 25.Kg2 Rxd1 26.Rxd1 Kf8 27.Rd2 Rc5 28.Qh6+ Kg8 29.Qh4 Qe5
30.Qg3 Qxg3+ 31.hxg3 h5 32.Rd1 Kf8 33.Kf1 Ke7 34.Ke2 Nd7 35.f4 Nb8 36.b4 Rc4
37.a3 Nd7 38.f5 Rc3 39.fxg6 fxg6 40.Ra1 Ne5 41.a4 Nc6 42.Kd2 Rc4 43.Nxc6+ Rxc6
44.Rb1 Rc4 45.a5 h4 46.gxh4 Rxh4 47.Kd3 g5 48.Kc3 Kd7 49.Rg1 Rc4+ 50.Kb3 g4
51.Rh1 g3 52.Rh7+ Kc6 53.Rh6+ Kc7 54.Rh7+  1/2-1/2

[Event "28th Avoine Open"]
[Site "Avoine FRA"]
[Date "2013.07.25"]
[Round "6.39"]
[White "Oei,HI"]
[Black "Dupeux,D"]
[Result "1-0"]
[WhiteElo "2093"]
[BlackElo "1856"]

1.d4 d5 2.c4 c6 3.Nf3 Nf6 4.Nc3 e6 5.e3 Be7 6.Be2 dxc4 7.Bxc4 b5 8.Bd3 a6
9.O-O Bb7 10.b3 Nbd7 11.Bb2 O-O 12.Qe2 c5 13.Rac1 Qa5 14.a4 cxd4 15.Nxd4 b4
16.Nb1 Ne5 17.Bc2 Rfd8 18.Nd2 Rac8 19.f4 Neg4 20.Nc4 Qh5 21.h3 Nh6 22.Qxh5 Nxh5
23.g4 Ng3 24.Rfe1 Ne4 25.Na5 Bd5 26.Bxe4 Bxe4 27.Nac6 Kf8 28.Nxd8 Rxd8 29.Nc6 Rd2
30.Bxg7+ Kxg7 31.Nxe7 Rg2+ 32.Kf1 Rh2 33.Rc8 Rxh3 34.g5  1-0

[Event "15th TCh-Eur Senior"]
[Site "Dresden GER"]
[Date "2013.07.25"]
[Round "6"]
[White "Bachmann,KH"]
[Black "Meier,Wo1"]
[Result "1-0"]
[WhiteElo "2244"]
[BlackElo "2188"]

1.c4 c6 2.d4 d5 3.Nc3 Nf6 4.Nf3 e6 5.e3 Nbd7 6.Bd3 dxc4 7.Bxc4 b5 8.Bd3 Bb7
9.O-O b4 10.Na4 Be7 11.e4 O-O 12.Qe2 Qa5 13.b3 Rfd8 14.e5 Nd5 15.Bg5 h6 16.Bxe7 Nxe7
17.Rac1 Nf8 18.Rc5 Qc7 19.Rfc1 Rac8 20.Be4 Nd7 21.R5c2 Nb6 22.Nc5 Nbd5 23.Bxd5 Nxd5
24.Ne4 Qb6 25.Rc5 Rc7 26.Qc2 a5 27.Nfd2 Ba6 28.Nc4 Bxc4 29.Qxc4 Ne7 30.Nd6 Ra8
31.f4 Qa6 32.Qc2 a4 33.f5 axb3 34.axb3 Nxf5 35.Nxf5 exf5 36.d5 Qb6 37.d6 Rca7
38.Qf2 Kf8 39.Rxc6 Qxf2+ 40.Kxf2 Ke8 41.Ke3 Rd8 42.Kd4 Ra2 43.R1c2 Ra1 44.Rc1 Ra2
45.R6c2 Ra6 46.Rc7 f6 47.R1c6 fxe5+ 48.Kxe5 Ra2 49.Rxg7 Kf8 50.Rg3 Ra5+ 51.Ke6 Re8+
52.Kf6 Rd5 53.Rf3 Kg8 54.Rg3+ Kf8 55.Rg6 Rd8 56.Ke6 Rd3 57.Rxh6 Kg8 58.Rh3 Rxh3
59.gxh3 f4 60.Ke7  1-0

[Event "Maccabiah GM2 2013"]
[Site "Jerusalem ISR"]
[Date "2013.07.25"]
[Round "7.2"]
[White "Avrukh,B"]
[Black "Szuhanek,R"]
[Result "1-0"]
[WhiteElo "2576"]
[BlackElo "2519"]

1.d4 d5 2.c4 c6 3.Nf3 Nf6 4.Nc3 e6 5.e3 Nbd7 6.Qc2 Bd6 7.g4 dxc4 8.Bxc4 Nd5
9.Ne4 Be7 10.Bd2 b6 11.Ng3 Bb7 12.e4 Nb4 13.Qb3 a5 14.a3 Na6 15.Bxa5 Nac5
16.dxc5 Rxa5 17.Rd1 Qc7 18.Nh5 Nxc5 19.Qe3 Rg8 20.b4 Ra4 21.bxc5 Bxc5 22.Qe2 Ke7
23.O-O g6 24.Ng3 h5 25.e5 hxg4 26.Ng5 b5 27.Bb3 Rf4 28.N5e4 Bxa3 29.Qe3 g5
30.Nxg5 Rxg5 31.Qxf4 Qxe5 32.Qd2 Kf6 33.Rfe1 Bc5  1-0

[Event "Yinzhou Cup CHN-USA Rapid"]
[Site "Ningbo CHN"]
[Date "2013.07.25"]
[Round "1.3"]
[White "Xiu Deshun"]
[Black "Kaidanov,G"]
[Result "1/2-1/2"]
[WhiteElo "2556"]
[BlackElo "2577"]

1.d4 d5 2.c4 e6 3.Nc3 c6 4.Nf3 Nf6 5.e3 Nbd7 6.Bd3 Bd6 7.e4 dxe4 8.Nxe4 Nxe4
9.Bxe4 O-O 10.O-O h6 11.Bc2 e5 12.Be3 Re8 13.h3 e4 14.Nd2 Nf6 15.Re1 Bc7
16.f4 exf3 17.Qxf3 Qd6 18.Nf1 Be6 19.b3 b5 20.Bd3 bxc4 21.bxc4 Rab8 22.Rad1 Bd7
23.Bf2 Ba5 24.Rxe8+ Rxe8 25.Ng3 Bc7 26.Rb1 Bc8 27.Nf1 Qd7 28.Ng3 Qd6 29.Ne2 Qe6
30.Re1 Rd8 31.Rf1 Re8 32.Re1 Rd8 33.Bh4 Ba5 34.Rf1 Bd2 35.Kh1 Qe3 36.Bxf6 Qxf3
37.Rxf3 gxf6 38.Rxf6 Be6 39.Rf3 Rb8 40.Ng3 Rb2 41.Ne4 Bg5 42.Rg3 Kf8 43.Nxg5 hxg5
44.Rxg5 Rd2 45.Rg3 Rxa2 46.Kh2 Ra4 47.Bc2 Rxc4 48.Bb3 Rxd4 49.Bxe6 fxe6 50.Ra3 Rd7
51.g4 c5 52.Rc3 Rc7 53.Kg3 Kf7 54.Kf4 Kf6 55.h4 e5+ 56.Ke4 Rh7 57.Rf3+ Kg6
58.Rh3 c4 59.Kxe5 c3 60.Kf4 Rc7 61.Rh1 Rc4+ 62.Ke3 Rxg4 63.Kd3 Rg3+ 64.Kc2 Kh5
65.Ra1 Rg7 66.Kxc3 Rc7+ 67.Kd4  1/2-1/2

[Event "Biel MTO 2013"]
[Site "Biel SUI"]
[Date "2013.07.26"]
[Round "5.19"]
[White "Farid,F"]
[Black "Hasenohr,B"]
[Result "1-0"]
[WhiteElo "2396"]
[BlackElo "2276"]

1.d4 d5 2.Nf3 Nf6 3.c4 c6 4.e3 e6 5.Nc3 Nbd7 6.Qc2 Bd6 7.Bd3 O-O 8.O-O dxc4
9.Bxc4 a6 10.Rd1 Qc7 11.h3 b5 12.Bd3 c5 13.dxc5 Bxc5 14.a4 b4 15.Ne4 Ra7
16.Bd2 Nxe4 17.Bxe4 Nf6 18.Rac1 Nxe4 19.Qxe4 a5 20.Ng5 f5 21.Qc4 Bb6 22.Qh4 h6
23.Rxc7 hxg5 24.Qxg5 Rxc7 25.e4 Rd7 26.Rc1 Bd8 27.Qe3 f4 28.Qb3 Rxd2 29.Rxc8 Kf7
30.Qf3 Ke7 31.Qh5 Bb6 32.Qh4+ Rf6 33.e5 Kd7 34.exf6  1-0

[Event "15th TCh-Eur Senior"]
[Site "Dresden GER"]
[Date "2013.07.26"]
[Round "7"]
[White "Hampel,Jo"]
[Black "Bussler,J"]
[Result "1/2-1/2"]
[WhiteElo "2137"]
[BlackElo "2024"]

1.d4 d5 2.c4 c6 3.Nf3 e6 4.e3 Nf6 5.Nc3 Nbd7 6.Bd3 Bd6 7.e4 dxe4 8.Nxe4 Nxe4
9.Bxe4 Bb4+ 10.Bd2 Qa5 11.O-O Bxd2 12.Nxd2 O-O 13.c5 Qb4 14.Nb3 e5 15.a3 Qa4
16.Bc2 exd4 17.Qd3 g6 18.Nxd4 Qa5 19.b4 Qc7 20.Rfe1 Nf6 21.Bb3 Rd8 22.Qc3 Ng4
23.g3 Nh6 24.Qe3 Ng4 25.Qc3 a5 26.b5 a4 27.Ba2 Qa5 28.Qf3 Rf8 29.bxc6 Qxc5
30.cxb7 Bxb7 31.Qxb7 Qb4 32.Qf3 Nh6 33.Rad1 Qb7 34.Qf4 Nf5 35.Bb1 Ng7 36.Qf6 Rfe8
37.Ba2 Rxe1+ 38.Rxe1 Re8 39.Rc1 Ne6 40.Qf5 Kf8 41.Bd5 Qc7 42.Qc2 Qd6 43.Bc6  1/2-1/2

[Event "ch-AUT 2013"]
[Site "Feldkirch AUT"]
[Date "2013.07.26"]
[Round "7.4"]
[White "Kreisl,R"]
[Black "Froewis,G"]
[Result "1/2-1/2"]
[WhiteElo "2419"]
[BlackElo "2423"]

1.Nf3 d5 2.d4 Nf6 3.c4 e6 4.Nc3 c6 5.e3 Nbd7 6.Qc2 Bd6 7.Bd3 O-O 8.O-O dxc4
9.Bxc4 a6 10.Rd1 b5 11.Bd3 Qc7 12.Bd2 c5 13.dxc5 Qxc5 14.Ne4 Qxc2 15.Bxc2 Be7
16.a4 bxa4 17.Nxf6+ Nxf6 18.Bxa4 Bd7 19.Bc3 Bxa4 20.Rxa4 Nd5 21.Bd4 Rfc8
22.Kf1 h6 23.Rda1 Bf6 24.Bxf6 Nxf6 25.Rxa6 Rab8 26.R6a2 Rc2 27.b4 Rxa2 28.Rxa2 Rxb4
29.Ra8+ Kh7 30.Ra7 Rb1+ 31.Ke2 Rb2+ 32.Ke1 Rb1+ 33.Ke2 Rb2+ 34.Ke1 Rb1+  1/2-1/2

[Event "Caissa GM July 2013"]
[Site "Kecskemet HUN"]
[Date "2013.07.26"]
[Round "10.3"]
[White "Jia,H"]
[Black "Mihok,O"]
[Result "0-1"]
[WhiteElo "2340"]
[BlackElo "2458"]

1.d4 d5 2.c4 c6 3.Nf3 Nf6 4.Nc3 e6 5.e3 Nbd7 6.Qc2 Bd6 7.Bd3 O-O 8.O-O dxc4
9.Bxc4 a6 10.Rd1 b5 11.Be2 Qc7 12.Ne4 Nxe4 13.Qxe4 e5 14.Qh4 Re8 15.e4 exd4
16.Nxd4 Nf6 17.Bf3 Be5 18.Be3 c5 19.Rac1 Bb7 20.Nb3 c4 21.Nc5 Bc6 22.Rc2 Bd6
23.b3 Bxc5 24.Bxc5 Bxe4 25.Bd6 Qc6 26.Bxe4 Rxe4 27.Qg3 Rd8 28.Rcc1 Rg4  0-1

[Event "Yinzhou Cup CHN-USA Rapid"]
[Site "Ningbo CHN"]
[Date "2013.07.26"]
[Round "5.3"]
[White "Zhou Weiqi"]
[Black "Kaidanov,G"]
[Result "1/2-1/2"]
[WhiteElo "2616"]
[BlackElo "2577"]

1.c4 e6 2.Nc3 d5 3.d4 c6 4.e3 Nf6 5.Nf3 Nbd7 6.Qc2 Bd6 7.Bd3 O-O 8.O-O dxc4
9.Bxc4 e5 10.h3 Qe7 11.Bb3 Bb8 12.Rd1 h6 13.Nh4 Rd8 14.Nf5 Qf8 15.Ne2 Nb6
16.Neg3 Be6 17.Bd2 Bxb3 18.Qxb3 exd4 19.exd4 Bxg3 20.Qxg3 Kh7 21.Bb4 Qg8
22.Be7 Rd7 23.Qd3 Nfd5 24.Bc5 g6 25.Ng3 Qd8 26.a4 Nf4 27.Qf3 Nbd5 28.Re1 b6
29.Ba3 Qf6 30.Kh2 Ne6 31.Qxf6 Nxf6 32.Ne2 Nxd4 33.Nxd4 Rxd4 34.Re7 Rd7 35.Rxd7 Nxd7
36.Rd1 Ne5 37.b3 c5 38.Rd6 Rc8 39.Bb2 Nc6 40.Rd7 Kg8 41.Bf6 Kf8 42.g4 Ke8
43.Rb7 Na5 44.Rxa7 Rc6 45.Bc3 Nxb3 46.Kg2 c4 47.Kf1 Nc5 48.Bb4 Nd3 49.Bc3 Nf4
50.a5 bxa5 51.Rxa5 Nxh3 52.Kg2 Ng5 53.Bg7 Ne6 54.Bxh6 c3 55.Bc1 Nd4 56.Re5+ Kd7
57.Rd5+ Rd6 58.Rc5 Ne2 59.Be3 Rd1 60.Kf3 Re1 61.g5 Kd6 62.Rc4 Kd5 63.Rc5+ Kd6
64.Rc4 Kd5 65.Rc5+ Kd6 66.Rc8 Kd5 67.Rc5+  1/2-1/2

[Event "6th Paleochora Open"]
[Site "Paleochora GRE"]
[Date "2013.07.26"]
[Round "9.28"]
[White "Papadatos,I"]
[Black "Papadopoulos,Ar"]
[Result "1/2-1/2"]
[WhiteElo "2128"]
[BlackElo "1927"]

1.d4 d5 2.c4 e6 3.Nf3 Nf6 4.Nc3 c6 5.e3 Nbd7 6.Bd3 dxc4 7.Bxc4 b5 8.Bd3 Bb7
9.O-O a6 10.Qe2 c5 11.Rd1 Qb6 12.b3 Be7 13.Bb2 O-O 14.Rac1 Rac8 15.e4 cxd4
16.Nxd4 Nc5 17.Bb1 Rfd8 18.e5 Nd5 19.Nxd5 Bxd5 20.Rc3 g6 21.Rg3 Qb7 22.Re1 Rb8
23.Nf3 Bxf3 24.Rxf3 Qd5 25.Bc1 Rbc8 26.h3 Rd7 27.Bf4 Bf8 28.h4 Rb8 29.h5 a5
30.Rg3 a4 31.b4 Na6 32.Rd3 Qb7 33.a3 Rbd8 34.Red1 Rd5 35.Ba2 Rxd3 36.Rxd3 Rd7
37.Qd2 Nb8  1/2-1/2

[Event "Dutch Open 2013"]
[Site "Dieren NED"]
[Date "2013.07.27"]
[Round "5.1"]
[White "L'Ami,E"]
[Black "Sethuraman,S"]
[Result "1-0"]
[WhiteElo "2640"]
[BlackElo "2562"]

1.d4 d5 2.c4 c6 3.Nc3 Nf6 4.e3 e6 5.Nf3 a6 6.b3 Bb4 7.Bd2 Nbd7 8.Bd3 O-O
9.O-O Qe7 10.Qc2 e5 11.Nxe5 Nxe5 12.dxe5 Qxe5 13.Nxd5 Nxd5 14.cxd5 Bxd2 15.Qxd2 Qxd5
16.Rad1 Bg4 17.f3 Bf5 18.e4 Qc5+ 19.Qf2 Qxf2+ 20.Kxf2 Be6 21.Bc4 Rfd8 22.Ke3 a5
23.f4 Kf8 24.a4 Bg4 25.Rc1 Bd7 26.f5 f6 27.g4 b5 28.axb5 cxb5 29.Bd5 Rac8
30.h4 h6 31.g5 hxg5 32.hxg5 fxg5 33.Rxc8 Rxc8 34.Rg1 a4 35.bxa4 bxa4 36.Rxg5 Bc6
37.Be6 Rd8 38.Rg1 a3 39.Rc1 Bd7 40.Bd5 Ke7 41.Kf4 Rc8 42.Rg1 Kf8 43.Ke5 Bc6
44.Be6 Re8 45.Rg3 a2 46.Ra3 g6 47.Rxa2 Bxe4 48.Kxe4 gxf5+ 49.Ke5 Kg7 50.Rg2+  1-0

[Event "Helmut-Kohls-Turnier"]
[Site "Dortmund GER"]
[Date "2013.07.27"]
[Round "8.3"]
[White "Hoffmann,Micha1"]
[Black "Orlov,And"]
[Result "1/2-1/2"]
[WhiteElo "2462"]
[BlackElo "2535"]

1.d4 d5 2.c4 c6 3.Nc3 Nf6 4.e3 e6 5.Nf3 Nbd7 6.Bd3 Be7 7.O-O O-O 8.e4 dxe4
9.Nxe4 Nxe4 10.Bxe4 Nf6 11.Bc2 b6 12.b3 Bb7 13.Bb2 c5 14.Ne5 cxd4 15.Qxd4 Qxd4
16.Bxd4 Rfd8 17.Rfd1 Nd7 18.Nxd7 Rxd7 19.Be3 Rad8 20.Rxd7 Rxd7 21.Rd1 Rxd1+
22.Bxd1  1/2-1/2

[Event "Helmut-Kohls-Turnier"]
[Site "Dortmund GER"]
[Date "2013.07.27"]
[Round "9.1"]
[White "Bluebaum,M"]
[Black "Zelbel,P"]
[Result "1-0"]
[WhiteElo "2513"]
[BlackElo "2385"]

1.Nf3 d5 2.c4 c6 3.e3 Nf6 4.Nc3 e6 5.d4 Nbd7 6.Bd3 dxc4 7.Bxc4 b5 8.Bd3 Bb7
9.e4 b4 10.Na4 c5 11.e5 Nd5 12.O-O cxd4 13.Nxd4 g6 14.Qe2 a6 15.a3 Qb8 16.Re1 Qc7
17.Nf3 Bc6 18.axb4 Nxb4 19.Be4 Qb7 20.Bxc6 Nxc6 21.Be3 Qb5 22.Qxb5 axb5 23.Nc3 Rb8
24.Ne4 Bg7 25.Nd6+ Ke7 26.Bg5+ f6 27.exf6+ Bxf6 28.Ne4 Bxg5 29.Nexg5 e5 30.Ra6 Rbc8
31.Nxe5 Ndxe5 32.f4 Rhf8 33.fxe5 h6 34.Nf3 Rf4 35.Rd1 g5 36.h3 Ra4 37.Rb6 Rb4
38.Rd6 Nd8 39.Rxh6 Rxb2 40.Rh7+ Kf8 41.Rf6+ Kg8 42.Nxg5 Rc6 43.e6  1-0

[Event "15th TCh-Eur Senior"]
[Site "Dresden GER"]
[Date "2013.07.27"]
[Round "8"]
[White "Biller,H"]
[Black "Hellwege,W"]
[Result "1/2-1/2"]
[WhiteElo "2098"]
[BlackElo "2033"]

1.d4 d5 2.c4 c6 3.Nf3 e6 4.e3 Nf6 5.Nc3 Bd6 6.Be2 Nbd7 7.O-O O-O 8.Qc2 dxc4
9.Bxc4 e5 10.h3 Qe7 11.a3 exd4 12.exd4 Nb6 13.Re1 Qc7 14.Ba2 Bf4 15.Ne5 Bxc1
16.Raxc1 Qd6 17.Rcd1 g6 18.Qd2 Nbd5 19.Bb1 Kg7 20.Kh1 Be6 21.f4 Nxc3 22.bxc3 Rad8
23.f5 Bb3 24.Bc2 Bxc2 25.Qxc2 Nd7 26.Nxd7 Rxd7  1/2-1/2

[Event "ch-AUT 2013"]
[Site "Feldkirch AUT"]
[Date "2013.07.27"]
[Round "8.20"]
[White "Scheffknecht,P"]
[Black "Kanonier,C"]
[Result "0-1"]
[WhiteElo "2114"]
[BlackElo "2110"]

1.d4 d5 2.c4 c6 3.Nf3 Nf6 4.Nc3 e6 5.e3 Nbd7 6.Qc2 Bd6 7.Bd3 O-O 8.O-O h6
9.Rd1 dxc4 10.Bxc4 Qc7 11.b3 e5 12.dxe5 Nxe5 13.Nxe5 Bxe5 14.h3 b5 15.Ba3 bxc4
16.Bxf8 Kxf8 17.Rac1 Qa5 18.bxc4 g5 19.Qa4 Qxa4 20.Nxa4 Be6 21.Nc5 Ke7 22.Nxe6 Kxe6
23.f3 Bg3 24.Kf1 Nd7 25.Ke2 a5 26.f4 gxf4 27.c5 fxe3 28.Kxe3 Nf6 29.Kf3 Be5
30.Rb1 Nd7 31.Rdc1 a4 32.Rb7 a3 33.Rc2 Ra4 34.Rd2 Rd4 35.Rxd4 Bxd4 36.Ra7 Bxc5
37.Ra5 Kd6 38.Kg4 Ne5+ 39.Kh5 Nc4 40.Ra4 Ne3 41.Kxh6 Nxg2 42.Kg5 Ke6 43.Re4+ Kd5
44.Re2 Ne3 45.Kf6 Bd4+ 46.Kxf7 c5 47.h4 c4 48.h5 c3 49.Re1 c2  0-1

[Event "III Brazil Maringa Open"]
[Site "Maringa BRA"]
[Date "2013.07.27"]
[Round "6.30"]
[White "Rezende,Guilherme Vilela"]
[Black "Gutierrez,Enrique Alberto Soto"]
[Result "1-0"]
[WhiteElo "2085"]
[BlackElo "1903"]

1.d4 d5 2.c4 c6 3.Nf3 Nf6 4.e3 e6 5.Nc3 Nbd7 6.Qc2 Bd6 7.Bd3 O-O 8.e4 Nxe4
9.Nxe4 dxe4 10.Bxe4 Nf6 11.Bd3 Bb4+ 12.Bd2 Bxd2+ 13.Qxd2 b6 14.O-O c5 15.dxc5 bxc5
16.Qe3 Bb7 17.Rfd1 Qc7 18.h3 a5 19.Bc2 Rad8 20.Ne5 Ba8 21.b3 Qb7 22.f3 Qc7
23.Nd3 Rc8 24.Rd2 Rfd8 25.Rad1 g6 26.Qxc5 Qxc5+ 27.Nxc5 Rxd2 28.Rxd2 Kg7
29.Ne4 Nxe4 30.Bxe4 Bxe4 31.fxe4 Rc7 32.Kf2 Kf6 33.Ke3 Ke5 34.Rd8 a4 35.Rb8 axb3
36.Rb5+ Kd6 37.e5+ Kd7 38.axb3  1-0

[Event "65th ch-MNE 2013"]
[Site "Cetinje SRB"]
[Date "2013.07.28"]
[Round "9.16"]
[White "Bubanja,Mi"]
[Black "Prijovic,B"]
[Result "0-1"]
[WhiteElo "1745"]
[BlackElo "2034"]

1.d4 d5 2.c4 c6 3.Nf3 Nf6 4.e3 e6 5.Nc3 Be7 6.cxd5 exd5 7.Bd3 Bg4 8.h3 Bh5
9.Rb1 Nbd7 10.O-O O-O 11.g4 Bg6 12.Bxg6 hxg6 13.b4 Bd6 14.Qb3 Re8 15.b5 Nb6
16.Nd2 Qd7 17.a4 Nxg4 18.Qd1 Nh6 19.Qf3 cxb5 20.axb5 Rac8 21.e4 dxe4 22.Ndxe4 Nf5
23.Rd1 Bb8 24.Be3 Qc7 25.Nc5 Qh2+ 26.Kf1 Nc4 27.Rd3 Nfxe3+ 28.fxe3 Rxe3 29.Qg4 Rce8  0-1

[Event "Sparkassen Open A 2013"]
[Site "Dortmund GER"]
[Date "2013.07.28"]
[Round "2.25"]
[White "Bramkamp,R"]
[Black "Sherif,Amina"]
[Result "1-0"]
[WhiteElo "2081"]
[BlackElo "1641"]

1.d4 d5 2.c4 c6 3.Nf3 Nf6 4.Nc3 e6 5.e3 Nbd7 6.Bd3 dxc4 7.Bxc4 b5 8.Bd3 a6
9.O-O c5 10.e4 Bb7 11.d5 Qb6 12.dxe6 Qxe6 13.Re1 Be7 14.Bg5 Bd8 15.e5 Nd5
16.Ne4 O-O 17.Nd6 Bc6 18.Bf5 Nxe5 19.Bxe6 Nxf3+ 20.gxf3 fxe6 21.Ne4 Bxg5
22.Nxg5 Nf4 23.Qd6 Bd5 24.Re4 Bxe4 25.fxe4 Rf6 26.Rd1 Raf8 27.Qe7 h6 28.Rd8 hxg5
29.Rxf8+ Rxf8 30.f3 Ne2+ 31.Kg2 Nd4 32.Qxg5 Nxf3 33.Qxc5 Ne1+ 34.Kg3 Nd3
35.Qd6 Nxb2 36.Qxe6+ Kh8 37.Qxa6 Rb8 38.Qd6 Ra8 39.Qc6 Rb8 40.e5 Kg8 41.Qd5+ Kh7
42.e6 Kg6 43.e7 Re8 44.Qxb5 Rxe7 45.Qxb2 Kf7 46.a4 Ke8 47.Qb6 Kd7 48.a5 Kc8
49.a6  1-0

[Event "15th TCh-Eur Senior"]
[Site "Dresden GER"]
[Date "2013.07.28"]
[Round "9"]
[White "Rychlik,K"]
[Black "Staudte,R"]
[Result "0-1"]
[WhiteElo "2098"]
[BlackElo "1919"]

1.d4 d5 2.Nf3 Nf6 3.c4 e6 4.Nc3 c6 5.e3 Bd6 6.Qc2 O-O 7.a3 Nbd7 8.Bd2 a6
9.Bd3 dxc4 10.Bxc4 e5 11.d5 Nb6 12.Ne4 Nxe4 13.Qxe4 Nxc4 14.Qxc4 cxd5 15.Qxd5 Qe7
16.Bc3 Be6 17.Qd2 Rfd8 18.Qc2 Rac8 19.O-O b5 20.Rfd1 Bg4 21.Rd2 Bxf3 22.gxf3 a5
23.b4 axb4 24.axb4 Bxb4 25.Rxd8+ Qxd8 26.Rd1 Qg5+ 27.Kf1 Bxc3 28.Rd3 b4 29.Qa4 h6
30.Qa5 Qf6 31.e4 Qe6 32.Ke2 Qc4 33.Qd5 b3 34.Kd1 Qxd5 35.exd5 b2  0-1

[Event "15th TCh-Eur Senior"]
[Site "Dresden GER"]
[Date "2013.07.28"]
[Round "9"]
[White "Bernhardsson,S"]
[Black "Bussler,J"]
[Result "1-0"]
[WhiteElo "2084"]
[BlackElo "2024"]

1.d4 d5 2.c4 c6 3.Nf3 Nf6 4.e3 e6 5.Nc3 Nbd7 6.Bd3 dxc4 7.Bxc4 b5 8.Bb3 a6
9.O-O Bb7 10.Qe2 c5 11.Rd1 cxd4 12.exd4 Nb6 13.Bg5 Be7 14.Bxf6 gxf6 15.d5 exd5
16.Rd3 Qd6 17.Re1 Nc4 18.Bxc4 bxc4 19.Re3 d4 20.Rxe7+ Kf8  1-0